Bibliotheksverbünd Bayern: Integrierte Lösung im zentralen und lokalen Bereich

Bibliographic Details
Main Author: Vorholzer, Manfred (Author)
Format: Article
Language:German

MARC

LEADER 00000naa a2200000uu 4500
001 vtls011092227
003 SK-MaSNL
005 20260302110359.0
008 210824|1997 xo |||||||||||||||||ger|
015 |a SNBRA 
035 |a (urnnbn)urn:nbn:sk:snk:ar-a0crdw 
035 |a (uuid)575bb441-50d0-43f1-a6f4-6c7a2ea885e0 
035 |a urn:nbn:sk:snk-aavx30 
040 |a SNKBUCL  |b slo  |c SNKBUCL  |e AACR2 
041 0 |a ger 
044 |a xo  |c SK 
100 1 |a Vorholzer, Manfred  |4 aut  |9 786324 
245 1 0 |a Bibliotheksverbünd Bayern: Integrierte Lösung im zentralen und lokalen Bereich  |c Manfred Vorholzer 
773 0 |t Die wissenschaftlichen Bibliotheken Europas  |d Wien : Österreichischer Bibliothekarinnen und Bibliothekare, 1997  |g S. 169-176 
958 |a OND 
958 |a article12 
958 |a chapter 
999 |c 1243113  |d 1245043